Chế tạo Nanocomposite dẫn điện từ Polyaniline trên nền sợi Nanocellulose : Báo cáo tổng kết đề tài nghiên cứu Khoa học của sinh viên

Đề tài nghiên cứu nhằm tạo ra vật liệu nanocomposite dẫn điện mới từ polianiline và sợi nanocellulose.

Guardado en:
Detalles Bibliográficos
Autor principal: Trần, Minh Chiến
Formato: Libro
Lenguaje:Undetermined
Publicado: Cần Thơ Trường Đại học Cần Thơ 2016
Materias:
Etiquetas: Agregar Etiqueta
Sin Etiquetas, Sea el primero en etiquetar este registro!
Thư viện lưu trữ: Trung tâm Học liệu Trường Đại học Cần Thơ
LEADER 01065nam a2200205Ia 4500
001 CTU_223217
008 210402s9999 xx 000 0 und d
082 |a 620.1923 
082 |b Ch305 
088 |a TSV2016-06 
100 |a Trần, Minh Chiến 
245 0 |a Chế tạo Nanocomposite dẫn điện từ Polyaniline trên nền sợi Nanocellulose : 
245 0 |b Báo cáo tổng kết đề tài nghiên cứu Khoa học của sinh viên 
245 0 |c Trần Minh Chiến (Chủ nhiệm đề tài) ; Văn Phạm Đan Thủy (Người hướng dẫn) ; Phạm Thị Yến Như (Thành viên tham gia) ... [et al.] 
260 |a Cần Thơ 
260 |b Trường Đại học Cần Thơ 
260 |c 2016 
520 |a Đề tài nghiên cứu nhằm tạo ra vật liệu nanocomposite dẫn điện mới từ polianiline và sợi nanocellulose. 
650 |a Vật liệu Nano,Nanostructured materials 
980 |a Trung tâm Học liệu Trường Đại học Cần Thơ